Jumping Around Geography #7 - Statistics

General Stats
  • This quiz has been taken 143 times
  • The average score is 20 of 26
Answer Stats
# Hint Answer % Correct
J Land of the rising sun Japan
98%
P Islamic border of India Pakistan
95%
G Country with same name as a US state Georgia
93%
Q Border of O Quebec
93%
M Language spoken in China Mandarin
92%
S Country in I Spain
92%
U Capital of Mongolia Ulaanbaatar
92%
I Biggest peninsula in Europe with this letter Iberia
91%
T Swahili speaking country Tanzania
91%
O One of the provinces of Canada Ontario
88%
V US state; look at E to find out Vermont
88%
A Country bordering C Andorra
84%
C Region of S that speaks a different language Catalonia
84%
E Great lake closest to V Erie
84%
H Largest island of J Honshu
82%
F Region of Belgium speaking Dutch Flanders
81%
N Country with no official capital Nauru
77%
B Capital of C Barcelona
74%
Z Famous island of T Zanzibar
74%
L Last two words of the capital of A La Vella
70%
K Region in P Kashmir
58%
D Capital of T Dodoma
57%
W French speaking version of F Wallonia
50%
Y Capital of N Yaren
47%
R Meaning of U in mongolian Red Hero
35%
X Watermelon in M Xigua
7%
No matching quizzes found
Score Distribution
Percent of People with Each Score
Percentile by Number Answered
Your Score History
You have not taken this quiz